000
00511nam a2200169Ia 4500
008
110201s9999 xx 000 0 und d
082
_b
B3893
_a
K 1658
100
_a
साळगावकर शशिकला
245
_a
कैलास
260
_b
मेहता पब्लि.हा
365
_b
40
600
_a
साळगावकर शशिकला
630
_a
कैलास
700
_a
साळगावकर शशिकला
730
_a
कैलास
942
_c
BOOK
999
_c
830433
_d
830430